Kanye West - The Life Of Pablo Quiz - Statistics

General Stats
  • This quiz has been taken 1,053 times
  • The average score is 15 of 20
Answer Stats
Track Number Peak Artist(s) Song % Correct
2 #37 (BBH100) Kanye West ft. Kid Cudi & Kelly Price Father Stretch My Hands, Pt 1
93%
1 #67 (BBH100) Kanye West ft. Kelly Price, Kirk Franklin, The-Dream & Chance The Rapper Ultralight Beam
93%
3 #54 (BBH100) Kanye West ft. Desiigner & Caroline Shaw Pt 2
92%
4 #34 (BBH100) Kanye West ft. Rihanna & Swizz Beatz Famous
89%
17 #133 (UK SC) Kanye West ft. Kendrick Lamar No More Parties In LA
88%
20 Didn't Chart Kanye West ft. Sampha Saint Pablo
86%
13 #88 (UK SC) Kanye West ft. Vic Mensa & Sia Wolves
82%
10 #71 (BBH100) Kanye West ft. Chris Brown & Kid Cudi Waves
80%
11 #84 (BBH100) Kanye West ft. The Weeknd FML
73%
19 #125 (UK SC) Kanye West ft. Post Malone & Ty Dolla $ign Fade
71%
14 #168 (UK SC) Kanye West ft. Frank Ocean Frank's Track
70%
7 #108 (UK SC) Kanye West ft. Young Thug Highlights
69%
16 #143 (UK SC) Kanye West ft. André 3000 30 Hours
66%
9 #123 (UK SC) Kanye West I Love Kanye
65%
6 #134 (UK SC) Kanye West Low Lights
64%
15 Didn't Chart Kanye West ft. Max B & French Montana Siiiiiiiiilver Surffffeeeeer Intermission
64%
12 #92 (BBH100) Kanye West ft. Ty Dolla $ign Real Friends
63%
8 #132 (UK SC) Kanye West ft. Desiigner Freestyle 4
57%
18 #151 (UK SC) Kanye West Facts (Charlie Heat Version)
56%
5 #99 (BBH100) Kanye West Feedback
56%
No matching quizzes found
Score Distribution
Percent of People with Each Score
Percentile by Number Answered
Your Score History
You have not taken this quiz